| 000 | 01031nam a2200337Ia 4500 | ||
|---|---|---|---|
| 008 | 220204s9999 xx 000 0 und d | ||
| 082 |
_aNR:063RG`1989' _bRRM;1 |
||
| 245 | 0 | _aProceedings of the RRIM Rubber growers conference 1989,Malaca | |
| 260 |
_aMalaysia _bRRIM _c1991 |
||
| 650 | _acore stump | ||
| 650 | _aDry rubber content measurement | ||
| 650 | _aExploitation technique | ||
| 650 | _aFusicoccum leaf blight | ||
| 650 | _aIndian Non traditional regions hevea growth | ||
| 650 | _aIntercropping | ||
| 650 | _aLeaf fall disease | ||
| 650 | _aNatural rubber processing | ||
| 650 | _aNatural rubber serum powder | ||
| 650 | _aPanel dryness | ||
| 650 | _aRainguarding | ||
| 650 | _aRaw natural rubber regulation | ||
| 650 | _arubber budding | ||
| 650 | _aRubber clones | ||
| 650 | _aRubber factory effluent | ||
| 650 | _aRubber planting materials | ||
| 650 | _aRubber small holders economics | ||
| 650 | _aTapping system | ||
| 650 | _aWeed control | ||
| 650 | _aYield stimulation | ||
| 942 | _cBK | ||
| 999 |
_c40328 _d40328 |
||